A textbook of engineering chemistry
Guardat en:
| Autor principal: | |
|---|---|
| Format: | Llibre |
| Idioma: | anglès |
| Publicat: |
S.K. Kataria
2012
|
| Etiquetes: |
Afegir etiqueta
Sense etiquetes, Sigues el primer a etiquetar aquest registre!
|
MARC
| LEADER | 00000nam a22000007a 4500 | ||
|---|---|---|---|
| 008 | 210427b ||||| |||| 00| 0 eng d | ||
| 020 | |a : 978-93-5014-278-3 | ||
| 100 | |a RATTAN, Sunita | ||
| 245 | |a A textbook of engineering chemistry |c Sunita Rattan | ||
| 260 | |b S.K. Kataria |c 2012 |h New Delhi |i 691664– Tech., 691665 |l TP155 .R18 |m Chemical engineering | ||
| 500 | |a “It includes index” | ||
| 942 | |a lcc |c BK |e Mr ogunleye |f 27/4/2021 | ||
| 952 | |0 0 |1 0 |2 lcc |4 0 |6 TP0155 R18 |7 0 |9 2346 |a HOL |b TL |d 2021-04-27 |l 0 |o TP155 .R18 |p 2021-6200 |r 2021-04-27 00:00:00 |w 2021-04-27 |y BK | ||
| 952 | |0 0 |1 0 |2 lcc |4 0 |6 TP0155 R18 |7 0 |9 2347 |a HOL |b HOL |d 2021-04-27 |l 0 |o TP155 .R18 |p 2021-6201 |r 2021-04-27 00:00:00 |w 2021-04-27 |y BK | ||
| 999 | |c 1210 |d 1210 | ||